| 000 | 01743nam a2200457Ii 4500 | ||
|---|---|---|---|
| 001 | DIGDEU1512 | ||
| 003 | NyNyDIG | ||
| 006 | m o d | ||
| 007 | cr ||||||||||| | ||
| 008 | 130101s2007 sp ob 000 0 spa d | ||
| 020 |
_a9788498307054 _q(eBook) |
||
| 020 | _z9788498300826 | ||
| 020 | _z8498300827 | ||
| 035 | _a(OCoLC)888264113 | ||
| 040 |
_aDGITA _beng _epn _cDGITA |
||
| 043 | _ae-sp--- | ||
| 050 | 1 | 4 | _aSB484.S6 eBook |
| 050 | 1 | 4 | _aDP302.G86 eBook |
| 100 | 1 |
_aUrzainqui Miqueleiz, Asunción, _d1946- |
|
| 245 | 1 | 0 |
_aDe montes, parzonerías y parques naturales : _bComunidades de Montes en Gipuzkoa : Las Parzonerías / _cAsunción Urzainki Mikeleiz. |
| 250 | _a2. ed. | ||
| 264 | 1 |
_aSan Sebastián : _bUniversidad de Deusto, _c2007. |
|
| 300 |
_a1 online resource (343 pages) : _bill. |
||
| 336 |
_atext _btxt _2rdacontent |
||
| 337 |
_acomputer _bc _2rdamedia |
||
| 338 |
_aonline resource _bcr _2rdacarrier |
||
| 490 | 1 |
_aSerie Humanidades ; _vvol. 12 |
|
| 500 | _aFirst published: San Sebastián: Universidad de Deusto, 1987. | ||
| 504 | _aIncludes bibliographical references (p. 297-310) and index. | ||
| 650 | 0 |
_aForests and forestry _zSpain _zGuipúzcoa |
|
| 650 | 0 |
_aNational parks and reserves _zSpain _zGuipúzcoa |
|
| 651 | 0 |
_aGuipúzcoa (Spain) _xGeography. |
|
| 651 | 0 |
_aGuipúzcoa (Spain) _xHistory, Local. |
|
| 655 | 0 | _aElectronic books. | |
| 791 | 2 |
_aDigitalia (Firm), _edistributor. |
|
| 830 | 0 |
_aSerie Humanidades (Universidad de Deusto. Sede en San Sebastián) ; _vv. 12. |
|
| 793 | 0 |
_gDigitalia eBook Collection: _aUniversidad de Deusto. |
|
| 856 | 4 | 0 |
_3Digitalia Hispánica _uhttps://www.digitaliapublishing.com/a/18097/ |
| 910 | _aPremium Collection: 2007-2012 | ||
| 942 | _cRAA | ||
| 999 |
_c235652 _d235652 |
||